Success in economics (Record no. 59040)

MARC details
000 -LEADER
fixed length control field 00427nam a2200133 a 4500
008 - FIXED-LENGTH DATA ELEMENTS--GENERAL INFORMATION
fixed length control field 120416s0000 xx |||||||||||||| || u
020 ## - INTERNATIONAL STANDARD BOOK NUMBER
International Standard Book Number 0719546613
050 ## - LIBRARY OF CONGRESS CALL NUMBER
Classification number HB 171.5 Lob
100 ## - MAIN ENTRY--PERSONAL NAME
Personal name Lobley, Derek
245 10 - TITLE STATEMENT
Title Success in economics
250 ## - EDITION STATEMENT
Edition statement 3rd ed.
350 ## - PRICE (NR) (BK AM CF MU VM SE) [OBSOLETE]
Price 0.00
995 ## - RECOMMENDATION 995 [LOCAL, UNIMARC FRANCE]
-- 0.00
-- CBU-MAIN LIBRARY (Kitwe)
-- 1
-- 7.95
-- DAMAGED
-- Main Library Open Access Collection
Holdings
Withdrawn status Lost status Source of classification or shelving scheme Damaged status Not for loan Home library Current library Shelving location Date acquired Total Checkouts Full call number Barcode Date last seen Price effective from Koha item type
          CBU-MAIN LIBRARY, KITWE. CBU-MAIN LIBRARY, KITWE.   11/30/2022   HB 171.5 Lob 026439 11/30/2022 11/30/2022 MONOGRAPH